00624nam a2200181 i 450000100060000000300090000600500170001500700030003200800410003510000350007624500460011126000810015730000380023849000380027660000340031483000380034885200560038648568ES-MaACL20260305133225.0t|030822s1897 fr ||||1| fre d1 aBarine, Arvède (d1840-1908)10aAlfred de Musset / cpar Arvède Barine. aParis : bLibrairie Hachette et Cie., c1897 (eCoulommiers :fPaul Brodard) a182 p. [1] h. de lám ; c19 cm.1 ales grands écrivains français 0aMusset, Alfred de,d1810-18570 ales grands écrivains français aES-MaACLjB-3183(2) z.- Encuadernado con otra obra